=LDR 00000nam 2200000 4500 =001 INLIS000000000048534 =005 20161117133057.0 =006 =007 =008 =035 ##$$0010-111600000000113 =040 ##$$a NBPDMAT =082 ##$$a 297.619 =090 ##$$a 297.619.bak.s1 =100 ##$$a JWM.BAKKER SY. =245 ##$$a SEJARAH FILSAFAT DALAM ISLAM =250 ##$$a CET.1 =260 ##$$a YOGYAKARTA $b YAYASAN KANISIUS $c 1978 $e YOGYAKARTA $g 1978 =300 ##$$a 99HLM $c 17CM =850 ##$$a BPAP =990 ##$$a 00091725 =990 ##$$a 0001/BPAP-NTB/2016